国立公園・国定公園・国営公園・国民公園 - Statistics

General Stats
  • This quiz has been taken 72 times
  • The average score is 55 of 113
Answer Stats
Hint Answer % Correct
知床 国立公園
74%
屋久島 国立公園
72%
釧路湿原 国立公園
71%
尾瀬 国立公園
67%
大雪山 国立公園
66%
富士箱根伊豆 国立公園
64%
南アルプス 国立公園
64%
小笠原 国立公園
64%
西表石垣 国立公園
64%
京都丹波高原 国定公園
64%
南房総 国定公園
62%
阿寒摩周 国立公園
60%
伊勢志摩 国立公園
60%
雲仙天草 国立公園
60%
下北半島 国定公園
60%
妙義荒船佐久高原 国定公園
60%
若狭湾 国定公園
60%
室生赤目青山 国定公園
60%
十和田八幡平 国立公園
59%
吉野熊野 国立公園
59%
瀬戸内海 国立公園
59%
越前加賀海岸 国定公園
59%
愛知高原 国定公園
59%
北長門海岸 国定公園
59%
甑島 国定公園
59%
白山 国立公園
57%
奄美群島 国立公園
57%
網走 国定公園
57%
男鹿 国定公園
57%
天竜奥三河 国定公園
57%
揖斐関ヶ原養老 国定公園
57%
三河湾 国定公園
57%
金剛生駒 国定公園
57%
比婆道後帝釈 国定公園
57%
日豊海岸 国定公園
57%
利尻礼文サロベツ 国立公園
55%
日光 国立公園
55%
ニセコ積丹小樽海岸 国定公園
55%
早池峰 国定公園
55%
栗駒 国定公園
55%
越後三山只見 国定公園
55%
八ヶ岳中信高原 国定公園
55%
氷ノ山後山那岐山 国定公園
55%
高野龍神 国定公園
55%
西中国山地 国定公園
55%
石鎚 国定公園
55%
耶馬日田英彦山 国定公園
55%
日南海岸 国定公園
55%
中部山岳 国立公園
53%
上信越高原 国立公園
53%
阿蘇くじゅう 国立公園
53%
暑寒別天売焼尻 国定公園
53%
室戸阿南海岸 国定公園
53%
九州中央山地 国定公園
53%
日高山脈襟裳十勝 国立公園
52%
山陰海岸 国立公園
52%
大仙隠岐 国立公園
52%
厚岸霧多布昆布森 国定公園
52%
丹後天橋立大江山 国定公園
52%
秋吉台 国定公園
52%
祖母傾 国定公園
52%
磐梯朝日 国立公園
50%
鳥海 国定公園
50%
水郷筑波 国定公園
50%
丹沢大山 国定公園
50%
佐渡弥彦米山 国定公園
50%
支笏洞爺 国立公園
48%
妙高戸隠連山 国立公園
48%
やんばる 国立公園
48%
津軽 国定公園
48%
飛騨木曽川 国定公園
48%
鈴鹿 国定公園
48%
三陸復興 国立公園
47%
秩父多摩甲斐 国立公園
47%
大沼 国定公園
47%
大和青垣 国定公園
47%
沖縄海岸 国定公園
47%
皇居外苑 国民公園
47%
霧島錦江湾 国立公園
45%
剣山 国定公園
45%
玄海 国定公園
45%
昭和記念 国営公園
45%
西海 国立公園
43%
慶良間諸島 国立公園
43%
北九州 国定公園
43%
足摺宇和海 国立公園
41%
蔵王 国定公園
41%
能登半島 国定公園
41%
ひたち海浜 国営公園
41%
琵琶湖 国定公園
38%
京都御苑 国民公園
38%
平城宮跡歴史 国営公園
36%
飛鳥歴史 国営公園
36%
明治の森高尾 国定公園
34%
明治の森箕面 国定公園
34%
海の中道海浜 国営公園
34%
吉野ヶ里歴史 国営公園
34%
新宿御苑 国民公園
34%
滝野すずらん丘陵 国営公園
33%
中央アルプス 国定公園
31%
武蔵丘陵森林 国営公園
31%
東京臨海広域防災 国営公園
31%
沖縄戦跡 国定公園
28%
壱岐対馬 国定公園
26%
淀川河川 国営公園
26%
沖縄記念 国営公園
26%
明石海峡 国営公園
21%
備北丘陵 国営公園
21%
みちのく杜の湖畔 国営公園
17%
アルプスあづみの 国営公園
17%
木曽三川 国営公園
17%
讃岐まんのう 国営公園
17%
越後丘陵 国営公園
14%
No matching quizzes found
Score Distribution
Percent of People with Each Score
Percentile by Number Answered
Your Score History
You have not taken this quiz